| 000 | 01216cam a2200337 i 4500 | ||
|---|---|---|---|
| 999 |
_c200447089 _d65301 |
||
| 001 | 200447089 | ||
| 003 | TR-AnTOB | ||
| 005 | 20230309104154.0 | ||
| 007 | ta | ||
| 008 | 220203s2002 tur 00010 tur d | ||
| 020 | _a975193222X | ||
| 040 |
_aGAZIU _beng _erda _cGAZIU _dTR-AnTOB |
||
| 041 | 0 | _atur | |
| 050 | 1 | 4 |
_aLC67.T9 _bT875 2002 |
| 090 |
_aLC67.T9 _bT875 2002 |
||
| 100 | 1 |
_aTürkmen, Fatih _eauthor _955137 |
|
| 245 | 1 | 0 |
_aEğitimin ekonomik ve sosyal faydaları ve Türkiye'de eğitim ekonomik büyüme ilişkisinin araştırılması / _cFatih Türkmen. |
| 264 | 1 |
_aAnkara : _bDevlet Planlama Teşkilatı, _c2002. |
|
| 300 |
_a113 pages ; _c24 cm |
||
| 336 |
_atext _btxt _2rdacontent |
||
| 337 |
_aunmediated _bn _2rdamedia |
||
| 338 |
_avolume _bnc _2rdacarrier |
||
| 490 | 0 |
_aT.C. Başbakanlık Devlet Planlama Teşkilatı ; _vyayın no: DPT: 2655 |
|
| 650 | 7 |
_aEğitim _xEkonomik yönleri _zTürkiye _2etuturkob _957356 |
|
| 650 | 0 |
_aEducation _xEconomic aspects _zTurkey. |
|
| 650 | 7 |
_aEkonomik kalkınma _xEğitimin etkisi _2etuturkob _933531 |
|
| 650 | 0 | _aEconomic development, Effect of education on. | |
| 942 |
_2lcc _cBK |
||